| 000 | 00657nam a2200241 a 4500 | ||
|---|---|---|---|
| 001 | 0001-0989 | ||
| 003 | ELIB.Books | ||
| 008 | 141014 2010 eng | ||
| 020 | _a0817012885 | ||
| 035 | _a(ELIB.Books)0001-1143 | ||
| 092 |
_a226.5 _bSet |
||
| 100 | _aSetzer, Robert B. Jr. | ||
| 245 |
_aEncounters with the Living Christ _bMeeting Jesus in the Gospel of John |
||
| 260 |
_aValley Forge _bJudson Press _c1999 |
||
| 300 |
_a170 _c21.5 Cm |
||
| 500 | _aDr. Yahalaylayla | ||
| 650 | _aNew Testament | ||
| 856 |
_nKBTS; Library _uKBTS; Elib. |
||
| 942 |
_2ddc _cBK |
||
| 990 | _a1 | ||
| 998 |
_cbat _e2014-10-14 |
||
| 999 |
_c10989 _d10989 |
||